| 000 -LEADER |
| fixed length control field |
01107nam a22002057a 4500 |
| 020 ## - INTERNATIONAL STANDARD BOOK NUMBER |
| ISBN |
9789819929504 |
| 082 ## - DEWEY DECIMAL CLASSIFICATION NUMBER |
| Classification number |
512.5 |
| Item number |
Qa184 2023 |
| 100 ## - MAIN ENTRY--AUTHOR NAME |
| Personal name |
Tsukada, Makoto, author. |
| 245 ## - TITLE STATEMENT |
| Title |
Linear algebra with Python : theory and applications / Makoto Tsukanada, Yuji Kobayashi, Hiroshi Kaneko, Sin-Ei Takahasi, Kiyoshi Shirayanagi, Masato Noguchi. |
| 250 ## - EDITION STATEMENT |
| Edition statement |
First edition. |
| 260 ## - PUBLICATION, DISTRIBUTION, ETC. (IMPRINT) |
| Place of publication |
Singapore : |
| Name of publisher |
Springer Nature Singapore Pte Ltd., |
| Year of publication |
c2023. |
| 300 ## - PHYSICAL DESCRIPTION |
| Number of Pages |
1 online resource (various pages) : |
| Other physical details |
Illustrations. |
| 490 ## - SERIES STATEMENT |
| Series statement |
Springer undergraduate texts in mathematics and technology |
| 500 ## - GENERAL NOTE |
| General note |
Includes bibliographical references and index. |
| 520 ## - SUMMARY, ETC. |
| Summary, etc |
This textbook introduces the fundamental theory of linear algebra together with practical applications using Python programming language. It covers vectors, matrices, linear mappings, eigenvalues, and computational techniques, emphasizing real-world applications in science and engineering. |
| 650 ## - SUBJECT ADDED ENTRY--TOPICAL TERM |
| Topical Term |
Algebras, Linear |
| 700 ## - ADDED ENTRY--PERSONAL NAME |
| Personal name |
Kobayashi, Yuji, author. |
| 856 ## - ELECTRONIC LOCATION AND ACCESS |
| Uniform Resource Identifier |
https;//doi.org/10.1007/978-981-99-2951-1 |
| 942 ## - ADDED ENTRY ELEMENTS (KOHA) |
| Koha item type |
Electronic Books |